[Event "New Delhi Skillcraft op 1st"]
[White "Prakash, Ram"]
[Black "Anadkat, Kartavya"]
[Site "New Delhi"]
[Round "9"]
[Result "0-1"]
[Date "2024.11.20"]
[WhiteElo "1928"]
[BlackElo "2142"]
[PlyCount "148"]
[EventDate "2024.11.16"]
[EventType "swiss"]
[EventRounds "9"]
[EventCountry "IND"]
[SourceTitle "CB47_2024"]
[SourceDate "2024.11.20"]
[SourceVersion "1"]
[SourceVersionDate "2024.11.20"]
[SourceQuality "1"]

1. Nf3 Nf6 2. g3 g6 3. Bg2 Bg7 4. 0-0 0-0 5. d3 d5 6. Nbd2 c5 7. e4 Nc6 8. c3 d4 9. cxd4 cxd4 10. a4 Nd7 11. Nc4 Nc5 12. b3 a5 13. Ba3 Na6 14. Nh4 Nab4 15. f4 Be6 16. h3 Re8 17. Kh2 Bxc4 18. bxc4 e5 19. f5 Bh6 20. Bf3 Ra6 21. Be2 Nb8 22. Bg4 Nd7 23. Rb1 Nc5 24. Bxb4 axb4 25. Rxb4 Qe7 26. fxg6 hxg6 27. Rb5 Rxa4 28. Qf3 Rf8 29. Ng2 Ra3 30. Rd1 Rfa8 31. h4 R8a6 32. h5 Bg5 33. Bh3 Kg7 34. Ne1 Ra2+ 35. Ng2 R2a3 36. hxg6 fxg6 37. Rdb1 R3a5 38. Qg4 Rxb5 39. Rxb5 Rc6 40. Ne1 Bf6 41. Bf1 Ra6 42. Nf3 Ra2+ 43. Kg1 Ra6 44. Qc8 Rc6 45. Qh3 b6 46. Rb2 Qd7 47. g4 Kg8 48. Ra2 Bg7 49. Ng5 Bf8 50. Rf2 Ne6 51. Nf7 Bg7 52. g5 Qe7 53. Nh6+ Bxh6 54. gxh6 Nf4 55. Qg4 Kh7 56. Ra2 Kxh6 57. Ra8 Kg7 58. Rb8 Re6 59. Kh2 Qf6 60. Bh3 Kh6 61. Qg1 Re7 62. Qg4 Re6 63. Qg1 Re7 64. Qg4 Nxd3 65. Rh8+ Kg7 66. Qc8 Qf7 67. Kh1 Nf4 68. Bf5 gxf5 69. exf5 Nh5 70. Rd8 Nf6 71. Qa8 e4 72. Rxd4 Qh5+ 73. Kg1 Qg5+ 74. Kf1 Qf4+ 0-1

[Event "Udaipur Kingdom of Chess op 1st"]
[White "Mohit, Kumar Soni"]
[Black "Prakash, Ram"]
[Site "Udaipur"]
[Round "9"]
[Result "1-0"]
[Date "2024.10.27"]
[WhiteElo "1783"]
[BlackElo "1938"]
[PlyCount "51"]
[EventDate "2024.10.23"]
[EventType "swiss"]
[EventRounds "9"]
[EventCountry "IND"]
[SourceTitle "CB44_2024"]
[Source "Chessbase"]
[SourceDate "2024.10.30"]
[SourceVersion "1"]
[SourceVersionDate "2024.10.30"]
[SourceQuality "1"]

1. e4 c5 2. Nc3 a6 3. d4 cxd4 4. Qxd4 Nc6 5. Qd2 g6 6. b3 Bg7 7. Bb2 Nf6 8. 0-0-0 0-0 9. Kb1 d6 10. f3 Be6 11. Nge2 Rc8 12. g4 Ne5 13. Nd4 b5 14. g5 Nfd7 15. h4 b4 16. Nd5 Bxd5 17. exd5 Rc3 18. f4 Nf3 19. Nxf3 Rxf3 20. Bxg7 Kxg7 21. Qxb4 Qb6 22. Qa4 Rd8 23. Be2 Rf2 24. Qc4 Qe3 25. Qc7 Qxe2 26. Rhe1 1-0

[Event "Bhopal Unicorn op 1st"]
[White "Prakash, Ram"]
[Black "Soham, Roy1"]
[Site "Bhopal"]
[Round "6"]
[Result "1-0"]
[Date "2024.07.15"]
[WhiteElo "2025"]
[BlackElo "1808"]
[PlyCount "31"]
[EventDate "2024.07.13"]
[EventType "swiss"]
[EventRounds "9"]
[EventCountry "IND"]
[SourceTitle "CBM 221 Extra"]
[Source "ChessBase"]
[SourceDate "2024.09.30"]
[SourceVersion "1"]
[SourceVersionDate "2024.09.30"]
[SourceQuality "1"]

1. b3 Nf6 2. Bb2 g6 3. g3 Bg7 4. Bg2 d6 5. d4 0-0 6. Nf3 c5 7. 0-0 Nc6 8. d5 Na5 9. c4 e6 10. Nc3 exd5 11. Nxd5 Nxd5 12. Bxg7 Kxg7 13. Qxd5 Be6 14. Qd2 d5 15. cxd5 Bxd5 16. Qc3+ 1-0

[Event "Udaipur Holi Cup 6th"]
[White "Lakshmi Charan Naidu, G."]
[Black "Prakash, Ram"]
[Site "Udaipur"]
[Round "3"]
[Result "0-1"]
[Date "2024.04.01"]
[WhiteElo "1753"]
[BlackElo "1983"]
[PlyCount "130"]
[EventDate "2024.03.31"]
[EventType "swiss"]
[EventRounds "9"]
[EventCountry "IND"]
[SourceTitle "CBM 219 Extra"]
[Source "ChessBase"]
[SourceDate "2024.05.31"]
[SourceVersion "1"]
[SourceVersionDate "2024.05.31"]
[SourceQuality "1"]

1. d4 d5 2. Nf3 Nf6 3. Bf4 c5 4. e3 Nc6 5. Nbd2 cxd4 6. exd4 Bg4 7. c3 e6 8. Qb3 Qc8 9. Bb5 Nd7 10. 0-0 Be7 11. Rfe1 0-0 12. Bd3 Bh5 13. Re3 Re8 14. Qc2 Nf8 15. Ne5 f6 16. Nxc6 bxc6 17. Rae1 Qd7 18. Nb3 Bg6 19. h4 a5 20. a4 Bd6 21. Bxg6 Nxg6 22. Bxd6 Qxd6 23. h5 Nf4 24. g3 Nh3+ 25. Kg2 Ng5 26. Nc5 e5 27. f4 Nf7 28. fxe5 fxe5 29. Qf5 Nh6 30. Qd7 Qxd7 31. Nxd7 e4 32. Rf1 Re7 33. Nc5 Nf7 34. Re2 Rb8 35. b4 axb4 36. Na6 Ra8 37. Nxb4 Rc7 38. Ra1 Ra5 39. c4 Nd6 40. c5 Nf5 41. Rd2 Kf7 42. Ra3 Ke6 43. g4 Nh4+ 44. Kf2 Kd7 45. Ke3 Rb7 46. Rb2 h6 47. Rab3 Rxa4 48. Nc2 Rxb3+ 49. Rxb3 Kc7 50. Rb6 Ng2+ 51. Kd2 Ra2 52. Kd1 e3 53. Rxc6+ Kd7 54. Rd6+ Ke7 55. Rb6 Rxc2 56. Kxc2 e2 57. Rb7+ Kd8 58. Rb8+ Kc7 59. Re8 e1Q 60. Rxe1 Nxe1+ 61. Kd2 Ng2 62. Ke2 Nf4+ 63. Kf3 Ne6 64. Ke3 Kc6 65. Kd3 Nxc5+ 0-1

[Event "Udaipur Holi Cup 6th"]
[White "Sahana, S1."]
[Black "Prakash, Ram"]
[Site "Udaipur"]
[Round "1"]
[Result "0-1"]
[Date "2024.03.31"]
[WhiteElo "1569"]
[BlackElo "1983"]
[PlyCount "104"]
[EventDate "2024.03.31"]
[EventType "swiss"]
[EventRounds "9"]
[EventCountry "IND"]
[SourceTitle "CBM 219 Extra"]
[Source "ChessBase"]
[SourceDate "2024.05.31"]
[SourceVersion "1"]
[SourceVersionDate "2024.05.31"]
[SourceQuality "1"]

1. e4 c6 2. d4 g6 3. Bd3 Bg7 4. c3 d5 5. exd5 cxd5 6. Bf4 Nc6 7. Nd2 Nf6 8. Ngf3 Nh5 9. Bg3 0-0 10. 0-0 Nxg3 11. hxg3 Bg4 12. Qb3 Qd6 13. Rfe1 Rfc8 14. Nh2 Bd7 15. Nhf3 e6 16. Qd1 a6 17. a4 f6 18. Nb3 e5 19. dxe5 fxe5 20. Be2 Ne7 21. Qd2 Qb6 22. Qd1 Rf8 23. a5 Qa7 24. Bf1 Bg4 25. Be2 Rad8 26. Qd2 h5 27. Bd1 Nc6 28. Nh4 Kh7 29. Nf3 Bh6 30. Qc2 Bf5 31. Qe2 Rd6 32. Nh4 Bg4 33. Qc2 e4 34. Bxg4 hxg4 35. Rad1 Rdf6 36. Re2 Rxf2 37. Nd4 Nxd4 38. cxd4 R2f7 39. Nxg6 Kxg6 40. Rxe4 dxe4 41. Qxe4+ Kh5 42. Re1 Bg5 43. Kh2 Re7 44. Qd3 Rfe8 45. Rh1 Re4 46. Re1 Qxd4 47. Qxd4 Rxd4 48. Rxe8 Rb4 49. Rh8+ Bh6 50. Re8 Rxb2 51. Re5+ Bg5 52. Rd5 Rb5 0-1

[Event "Bijnor op"]
[White "Sameer, Chaudhary"]
[Black "Prakash, Ram"]
[Site "Bijnor"]
[Round "5"]
[Result "0-1"]
[Date "2024.03.19"]
[WhiteElo "1632"]
[BlackElo "1983"]
[PlyCount "56"]
[EventDate "2024.03.17"]
[EventType "swiss"]
[EventRounds "9"]
[EventCountry "IND"]
[SourceTitle "CBM 219 Extra"]
[Source "ChessBase"]
[SourceDate "2024.05.31"]
[SourceVersion "1"]
[SourceVersionDate "2024.05.31"]
[SourceQuality "1"]

1. Nf3 Nf6 2. d4 b5 3. Bf4 Bb7 4. e3 a6 5. Nbd2 e6 6. c3 c5 7. Bd3 Be7 8. h3 d5 9. 0-0 Nbd7 10. a4 c4 11. Bc2 b4 12. cxb4 Bxb4 13. Qe2 a5 14. Nb1 Ne4 15. Bxe4 dxe4 16. Nfd2 Nb6 17. Rc1 0-0 18. Bg3 Ba6 19. Nc3 f5 20. Qd1 Rc8 21. b3 cxb3 22. Qxb3 Qd7 23. Nf1 Bc4 24. Qb2 Bxf1 25. Kxf1 Bxc3 26. Qxb6 Bxa1 27. Rxa1 Qd5 28. Be5 Rf7 0-1

[Event "Udaipur Pandiyar op 8th"]
[White "Shubham, Kumar1"]
[Black "Prakash, Ram"]
[Site "Udaipur"]
[Round "4"]
[Result "1/2-1/2"]
[Date "2023.10.16"]
[WhiteElo "1549"]
[BlackElo "1949"]
[PlyCount "93"]
[EventDate "2023.10.15"]
[EventType "swiss"]
[EventRounds "9"]
[EventCountry "IND"]
[SourceTitle "CBM 216 Extra"]
[Source "ChessBase"]
[SourceDate "2023.11.30"]
[SourceVersion "1"]
[SourceVersionDate "2023.11.30"]
[SourceQuality "1"]

1. b4 d5 2. Bb2 Bf5 3. Nf3 e6 4. a3 h6 5. e3 Nf6 6. c4 Be7 7. Be2 0-0 8. 0-0 dxc4 9. Bxc4 Nbd7 10. Nc3 e5 11. d4 exd4 12. Qxd4 Nb6 13. Bb3 Qxd4 14. Nxd4 Bh7 15. Rfd1 Rac8 16. Rac1 c5 17. bxc5 Rxc5 18. Na4 Nxa4 19. Bxa4 Ra5 20. Rc4 Be4 21. Bc2 Bd5 22. Rc3 Ne4 23. Bxe4 Bxe4 24. f3 Bg6 25. Rb3 Re8 26. Rxb7 Bxa3 27. Nc6 Ra6 28. Bxa3 Rxc6 29. e4 a6 30. Rd6 Rxd6 31. Bxd6 Ra8 32. Rb8+ Rxb8 33. Bxb8 a5 34. Kf2 a4 35. Bd6 f5 36. Ke3 Kf7 37. Kd4 fxe4 38. fxe4 Bh5 39. Ke5 Bd1 40. g3 h5 41. h3 Bf3 42. h4 Bd1 43. Kd4 Ke6 44. Bf8 g6 45. Kc3 Ke5 46. Kb4 Kxe4 47. Bd6 1/2-1/2

[Event "Mumbai Wealth op 5th"]
[White "Prakash, Ram"]
[Black "Saravana, Krishnan P"]
[Site "Mumbai"]
[Round "3"]
[Result "0-1"]
[Date "2020.01.01"]
[WhiteElo "2088"]
[BlackElo "2304"]
[PlyCount "67"]
[EventDate "2019.12.30"]
[EventType "swiss"]
[EventRounds "9"]
[EventCountry "IND"]
[SourceTitle "CBM 194 Extra"]
[Source "ChessBase"]
[SourceDate "2020.03.31"]
[SourceVersion "1"]
[SourceVersionDate "2020.03.31"]
[SourceQuality "1"]

1. c4 e5 2. g3 Nf6 3. Bg2 Bc5 4. Nc3 0-0 5. e3 Re8 6. Nge2 d6 7. 0-0 c6 8. d4 Bb6 9. b4 e4 10. h3 d5 11. cxd5 cxd5 12. Bb2 Nc6 13. a3 Bc7 14. Rc1 Bb6 15. Ra1 Bc7 16. Rc1 Bb6 17. Ra1 Bc7 18. Rc1 Bb6 19. Ra1 Bc7 20. Rc1 Bd7 21. Qb3 Ne7 22. a4 Rc8 23. Ba3 Be6 24. Rc2 Qd7 25. Kh2 Nf5 26. Kg1 Ne7 27. Kh2 Nf5 28. Kg1 Bb8 29. Rfc1 Bc7 30. Rf1 Bb8 31. Rfc1 Ne7 32. Kh2 h5 33. a5 h4 34. Na4 0-1

[Event "IND-chB 45th"]
[White "Prakash, Ram"]
[Black "Debashis, Das"]
[Site "Dindigul"]
[Round "9"]
[Result "1-0"]
[Date "2007.06.17"]
[WhiteElo "2304"]
[BlackElo "2197"]
[PlyCount "89"]
[EventDate "2007.06.11"]
[EventType "swiss"]
[EventRounds "12"]
[EventCountry "IND"]
[SourceTitle "CBM 119 Extra"]
[Source "ChessBase"]
[SourceDate "2007.09.04"]
[SourceVersion "1"]
[SourceVersionDate "2007.09.04"]
[SourceQuality "1"]

1. e4 e5 2. Nf3 Nc6 3. Bb5 a6 4. Ba4 Nf6 5. 0-0 Be7 6. Re1 b5 7. Bb3 d6 8. c3 0-0 9. h3 Na5 10. Bc2 c5 11. d4 Bb7 12. Nbd2 cxd4 13. cxd4 Rc8 14. d5 Qc7 15. Bd3 Nd7 16. Nf1 Nc5 17. Bb1 Na4 18. Ng3 g6 19. Nh2 Qxc1 20. Qxc1 Rxc1 21. Rxc1 Nxb2 22. Nf3 Bd8 23. Bc2 Bb6 24. Rab1 Nbc4 25. Bd3 Na3 26. Rb2 f6 27. Nf1 Bc8 28. N1d2 Bd7 29. Nb1 Nxb1 30. Rbxb1 Bc5 31. Nd2 f5 32. Kf1 f4 33. Ke2 Kf7 34. Rc2 Kf6 35. Ra1 Ra8 36. Nb3 Nxb3 37. axb3 a5 38. b4 Bxb4 39. Rc7 Be8 40. Rb1 h5 41. Rb7 Rc8 42. Bxb5 Bxb5+ 43. Rxb5 Rc2+ 44. Kf3 Rc3+ 45. Ke2 1-0

[Event "IND-chB 45th"]
[White "Venkat, Sundaram"]
[Black "Prakash, Ram"]
[Site "Dindigul"]
[Round "8"]
[Result "0-1"]
[Date "2007.06.16"]
[WhiteElo "2182"]
[BlackElo "2304"]
[PlyCount "74"]
[EventDate "2007.06.11"]
[EventType "swiss"]
[EventRounds "12"]
[EventCountry "IND"]
[SourceTitle "CBM 119 Extra"]
[Source "ChessBase"]
[SourceDate "2007.09.04"]
[SourceVersion "1"]
[SourceVersionDate "2007.09.04"]
[SourceQuality "1"]

1. e4 c5 2. Nf3 e6 3. d4 cxd4 4. Nxd4 a6 5. c4 Qc7 6. a3 Nf6 7. Nc3 b6 8. Be3 Bb7 9. f3 d6 10. Rc1 Nbd7 11. Be2 Be7 12. Qd2 Rc8 13. b4 0-0 14. 0-0 Qb8 15. Rc2 h5 16. Rb1 Bd8 17. Kh1 Bc7 18. Bg1 Qa8 19. Na4 h4 20. Bf1 Ne5 21. Nb2 h3 22. gxh3 Nxf3 23. Nxf3 Bxe4 24. Bg2 Bxf3 25. Qg5 Ne4 26. Qe3 Bxg2+ 27. Rxg2 f5 28. Nd3 Bd8 29. Nf4 Bg5 30. h4 Bxf4 31. Qxf4 Rxc4 32. h3 e5 33. Qf3 Rc3 34. Be3 f4 35. Rxg7+ Kxg7 36. Qg4+ Kf6 37. Rf1 Nf2+ 0-1